LEADER 01043nam a2200217 i 4500 001 000000157691 003 CaOOAMICUS 005 20070322000000.0 008 070322s1861 it u000 u ita u 013 $a135050 040 $aSeMil$bita 100 1 $aVittadini, Felice,$d<1813-1877>.$0(OLS)http://semarc/name/61550 245 10$aMonsignor vescovo Caccia ed una commissione di sacerdoti milanesi :$bOsservazioni /$cdel sacerdote Felice Vittadini. 260 $aMilano :$bDitta Boniardi-Pogliani di Ermenegildo Besozzi,$c1861. 300 $a65 p. ;$c22 cm. 650 4$aChiesa cattolica - Clero - Lombardia - Storia - Sec. 19.$0(OLS)http://semarc/subject/13696 850 $aSeMil 852 $aSeMil$W1$xVenegono$y1$m5C VII 5/19$j225798$B109369$CSeMilBibl$Z2$F121940 $8I 961 $aRecupero: Altro 996 $6245$aMonsignor vescovo Caccia ed una commissione di sacerdoti milanesi :$bOsservazioni$9(OLS)http://semarc/title/231293 996 $6260$aMilano :$bDitta Boniardi-Pogliani di Ermenegildo Besozzi$9(OLS)http://semarc/publisher/33999 LEADER 00767nam a2200229 i 4500 001 000000126159 003 CaOOAMICUS 005 20051223000000.0 008 051223s1980 it u000 u ita u 013 $a98861 040 $aSeMil$bita 245 10$aTomo 2. 300 $aP. 419-759. 490 0 $aTrent'anni di storia sindacale ;$v1 500 $aFondo Card. C.M. Martini. 773 0 $tAnalisi della cisl.$dRoma : Edizioni Lavoro, [198?]$gTomo2$w()15071 830 0$aTrent'anni di storia sindacale ;$v1.$0(OLS)http://semarc/title/19979 850 $aSeMil 852 $aSeMil$W1$xVenegono$y1$m3N II 531$j80552$B80552$CSeMilBibl$Z2$F107305 $81 941 1 $a4 961 $aOmaggio: Martini Card. Carlo Maria 996 $6245$aTomo 2$9(OLS)http://semarc/title/49331